Imposición de la medalla de oro de la provincia al ministro Don Laureano López Rodó
Publicado:
San Jorge, núm. 70 - 71 (2n - 3r trimestre 1968), pàg 165 :
MARC
| LEADER | 00000nam a2200000Ia 4500 | ||
|---|---|---|---|
| 001 | |||
| 008 | 160829s9999 xx 000 0 cat d | ||
| 245 | |a Imposición de la medalla de oro de la provincia al ministro Don Laureano López Rodó | ||
| 260 | |a San Jorge, núm. 70 - 71 (2n - 3r trimestre 1968), pàg 165 | ||
| 600 | 1 | 0 | |a López Rodó, Laureano, |d 1920-2000 |x Medalles |9 56284 |
| 650 | 0 | |a Medalla d'Or de la Provincia de Barcelona |9 30314 | |
| 901 | |a Arxiu | ||
| 942 | |n 1 | ||
| 952 | |0 0 |1 0 |4 0 |7 1 |9 47495 |a Arxiu |b Arxiu |d 2016-12-01 |l 0 |r 2016-12-01 00:00:00 |w 2016-12-01 |y ARXIU | ||
| 999 | |c 51294 |d 51294 | ||